[Event "Gibraltar Amateurs A"]
[Site "Gibraltar"]
[Date "2020.01.21"]
[Round "2.27"]
[White "Salas Calvo, Alberto"]
[Black "Oliva Parra, Ernesto"]
[Result "1-0"]
[WhiteElo "1645"]
[BlackElo "1487"]
[PlyCount "99"]
[EventDate "2020.01.20"]
[EventType "swiss"]
[EventRounds "5"]
[EventCountry "GGB"]
[SourceTitle "BritBase"]
[Source "John Saunders"]
[SourceDate "2021.06.05"]
[SourceVersion "1"]
[SourceVersionDate "2021.06.05"]
[SourceQuality "1"]

1. d4 d5 2. c4 Nf6 3. cxd5 Nxd5 4. Nf3 Bf5 5. Nbd2 Nf6 6. Qb3 b6 7. Ng5 e6 8.
e4 Bg6 9. e5 Nd5 10. Ndf3 h6 11. Nh3 Be7 12. Bb5+ c6 13. Be2 O-O 14. O-O c5 15.
Nf4 Nxf4 16. Bxf4 cxd4 17. Rfd1 Bc5 18. Nxd4 Qd5 19. Qa4 Be4 20. Nxe6 Qxe6 21.
Qxe4 Nc6 22. Bc4 Qg6 23. Bd5 Qxe4 24. Bxe4 Rac8 25. Rd7 Nd4 26. Bd2 a5 27. Re1
Ne6 28. Bc3 Rfe8 29. g3 Rf8 30. Red1 Ng5 31. Bg2 Ne6 32. h4 Kh8 33. Bh3 Kg8 34.
Kg2 Kh8 35. Rb7 Rc7 36. Rxc7 Nxc7 37. Rd7 Ne6 38. f4 Kg8 39. f5 Nd8 40. Kf3 Nc6
41. Rc7 Nd4+ 42. Ke4 Ne2 43. Be1 Rd8 44. Bf1 Nd4 45. Bc4 Rf8 46. Bf2 Ne6 47.
fxe6 Bxf2 48. e7 Re8 49. Bb5 f5+ 50. Kxf5 1-0

[Event "Gibraltar Amateurs A"]
[Site "Gibraltar"]
[Date "2020.01.21"]
[Round "2.28"]
[White "Kearsley, Raymond J"]
[Black "Bynnersley, AG (Tony)"]
[Result "1-0"]
[WhiteElo "1611"]
[BlackElo "1443"]
[PlyCount "75"]
[EventDate "2020.01.20"]
[EventType "swiss"]
[EventRounds "5"]
[EventCountry "GGB"]
[SourceTitle "BritBase"]
[Source "John Saunders"]
[SourceDate "2021.06.05"]
[SourceVersion "1"]
[SourceVersionDate "2021.06.05"]
[SourceQuality "1"]

1. e4 c5 2. Nf3 d6 3. Bb5+ Bd7 4. Bxd7+ Nxd7 5. O-O Ngf6 6. Qe2 e6 7. c3 Be7 8.
d4 O-O 9. Bf4 Qc7 10. Na3 a6 11. Rfd1 Rfd8 12. Rac1 Rac8 13. c4 cxd4 14. Nxd4
e5 15. Nf5 Bf8 16. Bd2 Nc5 17. f3 Ne6 18. Be3 Qa5 19. Qf2 Rc6 20. Rc3 Nc5 21.
Nc2 Qc7 22. b3 Ncxe4 23. fxe4 Nxe4 24. Qe1 Nxc3 25. Qxc3 Qd7 26. Ng3 Qg4 27.
Rf1 d5 28. Qd2 d4 29. Bf2 Re6 30. h3 Qg6 31. Re1 Be7 32. Ne4 f5 33. Ng3 Bg5 34.
Qa5 Bf4 35. Qxd8+ Re8 36. Qh4 Bxg3 37. Qxg3 Qf6 38. Nxd4 1-0

[Event "Gibraltar Amateurs A"]
[Site "Gibraltar"]
[Date "2020.01.21"]
[Round "2.29"]
[White "Savage, Neil"]
[Black "Maloney, Harry"]
[Result "1-0"]
[WhiteElo "1608"]
[BlackElo "1328"]
[PlyCount "64"]
[EventDate "2020.01.20"]
[EventType "swiss"]
[EventRounds "5"]
[EventCountry "GGB"]
[SourceTitle "BritBase"]
[Source "John Saunders"]
[SourceDate "2021.06.05"]
[SourceVersion "1"]
[SourceVersionDate "2021.06.05"]
[SourceQuality "1"]

1. e4 c5 2. Nc3 Nc6 3. f4 d6 4. Nf3 Qc7 5. Bc4 g6 6. d3 Bg7 7. O-O Bd7 8. a3 e6
9. Qe1 Nge7 10. Qh4 O-O-O 11. Be3 Kb8 12. Nb5 Qb6 13. Nxd6 Be8 14. Nxe8 Rdxe8
15. Rab1 Bd4 16. Bxd4 Nxd4 17. Ne5 Ka8 18. Nxf7 Rhf8 19. Ne5 Qd6 20. c3 Ne2+
21. Kh1 g5 22. Qxg5 h5 23. Rbe1 Rg8 24. Qh4 Nxf4 25. Qxf4 Nc6 26. Nxc6 Qxc6 27.
Qe5 h4 28. Rf6 a6 29. Rxe6 Qa4 30. Rxe8+ Rxe8 31. Qxc5 Qc2 32. Qh5 Rf8 1-0

[Event "Gibraltar Amateurs A"]
[Site "Gibraltar"]
[Date "2020.01.22"]
[Round "3.1"]
[White "Johansson, Daniel 1984"]
[Black "Ashwani, Kumar Grover"]
[Result "0-1"]
[WhiteElo "1799"]
[BlackElo "1731"]
[PlyCount "110"]
[EventDate "2020.01.20"]
[EventType "swiss"]
[EventRounds "5"]
[EventCountry "GGB"]
[SourceTitle "BritBase"]
[Source "John Saunders"]
[SourceDate "2021.06.05"]
[SourceVersion "1"]
[SourceVersionDate "2021.06.05"]
[SourceQuality "1"]

1. Nf3 e6 2. c4 d5 3. e3 Nf6 4. Be2 Be7 5. O-O O-O 6. b3 b6 7. Bb2 Bb7 8. Nc3
Nbd7 9. cxd5 Nxd5 10. Nxd5 Bxd5 11. d3 c5 12. Nd2 Bf6 13. Qc2 Rc8 14. Bf3 Ne5
15. Be2 Nc6 16. a3 Bxb2 17. Qxb2 e5 18. Rad1 f5 19. Bf3 Bf7 20. Nc4 Bd5 21.
Nxe5 Nxe5 22. Qxe5 Bxb3 23. Rd2 Kh8 24. Rb1 Bf7 25. Rbb2 Bg8 26. g3 Qf6 27.
Qxf6 Rxf6 28. Kf1 Rd8 29. Bd1 Rfd6 30. Ke2 Bd5 31. Bb3 Bc6 32. a4 g5 33. Ra2 g4
34. Kd1 Rxd3 35. Be6 Rxd2+ 36. Rxd2 Rxd2+ 37. Kxd2 Be4 38. Kc3 Kg7 39. Kc4 Kf6
40. Bg8 Bb1 41. Kb5 Bd3+ 42. Kc6 c4 43. Kb7 c3 44. Bb3 c2 45. Bxc2 Bxc2 46.
Kxa7 Bxa4 47. Kxb6 Ke5 48. Kc5 Be8 49. Kc4 Ke4 50. Kc5 Kf3 51. Kd6 Kxf2 52. Ke5
Kxe3 53. Kxf5 h5 54. Kg5 Kf3 55. Kh4 Kg2 0-1

[Event "Gibraltar Amateurs A"]
[Site "Gibraltar"]
[Date "2020.01.22"]
[Round "3.6"]
[White "Nebel, Uwe"]
[Black "Collins, Andrew"]
[Result "1-0"]
[WhiteElo "1847"]
[BlackElo "1720"]
[PlyCount "45"]
[EventDate "2020.01.20"]
[EventType "swiss"]
[EventRounds "5"]
[EventCountry "GGB"]
[SourceTitle "BritBase"]
[Source "John Saunders"]
[SourceDate "2021.06.05"]
[SourceVersion "1"]
[SourceVersionDate "2021.06.05"]
[SourceQuality "1"]

1. e4 e5 2. Nf3 Nc6 3. Bb5 a6 4. Ba4 Nf6 5. O-O b5 6. Bb3 Be7 7. Re1 d6 8. h3
O-O 9. c3 Nb8 10. d3 c5 11. Nbd2 Bb7 12. Nf1 h6 13. Ng3 Re8 14. Nf5 Bf8 15. Nh2
Nbd7 16. Ng4 Qc7 17. Bxh6 c4 18. Bxg7 Bxg7 19. Qd2 Nh7 20. Ngh6+ Kf8 21. dxc4
bxc4 22. Bxc4 Qxc4 23. Qxd6+ 1-0

[Event "Gibraltar Amateurs A"]
[Site "Gibraltar"]
[Date "2020.01.22"]
[Round "3.7"]
[White "O'Shea, Colm"]
[Black "Jacob, Sydney J"]
[Result "0-1"]
[WhiteElo "1706"]
[BlackElo "1816"]
[PlyCount "144"]
[EventDate "2020.01.20"]
[EventType "swiss"]
[EventRounds "5"]
[EventCountry "GGB"]
[SourceTitle "BritBase"]
[Source "John Saunders"]
[SourceDate "2021.06.05"]
[SourceVersion "1"]
[SourceVersionDate "2021.06.05"]
[SourceQuality "1"]

1. e4 d6 2. d4 Nf6 3. Nc3 a6 4. Be3 b5 5. f3 Bb7 6. Qd2 Nbd7 7. a4 b4 8. Nd1 a5
9. Bb5 c6 10. Bd3 e6 11. Ne2 Be7 12. O-O O-O 13. Ng3 Ba6 14. Bxa6 Rxa6 15. Qe2
Ra8 16. f4 Nb6 17. f5 e5 18. dxe5 dxe5 19. b3 Nbd7 20. Nb2 Bc5 21. Rad1 Bxe3+
22. Qxe3 Ng4 23. Qf3 Ngf6 24. Nc4 Qc7 25. Rd2 Nb6 26. Nxb6 Qxb6+ 27. Qf2 Qxf2+
28. Kxf2 Rfc8 29. Kf3 Kf8 30. Rfd1 Ke7 31. Nf1 Rc7 32. Ne3 Nd7 33. Nc4 Ra6 34.
g4 f6 35. h4 Nf8 36. g5 Rd7 37. gxf6+ gxf6 38. Kg4 Rxd2 39. Rxd2 Nd7 40. Kh5
Nc5 41. Re2 Ra7 42. Kh6 Kf8 43. Nd2 Rd7 44. Nc4 Ra7 45. Kh5 Ra8 46. Kg4 Ke7 47.
Kf3 Nb7 48. Rg2 Kf7 49. h5 Rg8 50. Rxg8 Kxg8 51. h6 Kf7 52. Ke3 Ke7 53. Kd3
Nc5+ 54. Ke3 Nb7 55. Kd2 Kd7 56. c3 Nc5 57. cxb4 axb4 58. a5 Nxb3+ 59. Ke3 Nc5
60. Nb6+ Kc7 61. Nc4 b3 62. Nb2 Kb7 63. Nc4 Na4 64. Kd2 Ka6 65. Nd6 Kxa5 66.
Ne8 Kb4 67. Nxf6 b2 68. Kc2 Ka3 69. Nxh7 Ka2 70. Nf6 b1=Q+ 71. Kd2 Qb2+ 72. Ke3
Qc1+ 0-1

[Event "Gibraltar Amateurs A"]
[Site "Gibraltar"]
[Date "2020.01.22"]
[Round "3.11"]
[White "Nash, Damian"]
[Black "Jimenez Urquijo, Juan Manuel"]
[Result "1/2-1/2"]
[WhiteElo "1890"]
[BlackElo "1567"]
[PlyCount "109"]
[EventDate "2020.01.20"]
[EventType "swiss"]
[EventRounds "5"]
[EventCountry "GGB"]
[SourceTitle "BritBase"]
[Source "John Saunders"]
[SourceDate "2021.06.05"]
[SourceVersion "1"]
[SourceVersionDate "2021.06.05"]
[SourceQuality "1"]

1. Nc3 e6 2. g3 Nf6 3. Bg2 d5 4. d3 c6 5. e4 d4 6. Nce2 e5 7. f4 Bg4 8. h3 Bxe2
9. Nxe2 Nbd7 10. O-O Bd6 11. c3 c5 12. Kh1 Qc7 13. Bd2 O-O 14. f5 b5 15. Rc1
Qb6 16. g4 Rac8 17. Ng3 Rfd8 18. g5 Ne8 19. Qg4 f6 20. Rg1 c4 21. Bf1 fxg5 22.
Bxg5 Ndf6 23. Qh4 Be7 24. cxd4 Qxd4 25. dxc4 bxc4 26. Nh5 Nxe4 27. Bxe7 Nf2+
28. Kg2 Qxb2 29. Bxc4+ Kh8 30. Bxd8 Ng4+ 31. Kg3 Qf2+ 32. Kxg4 Rxc4+ 33. Rxc4
Qxg1+ 34. Qg3 Qd1+ 35. Qf3 Qxd8 36. Re4 h6 37. h4 Qd2 38. Qe2 Qd7 39. Rxe5 Qd4+
40. Re4 Qg1+ 41. Kh3 Qh1+ 42. Kg3 Nd6 43. Re8+ Kh7 44. Re5 Qg1+ 45. Qg2 Qd4 46.
Qe2 Qg1+ 47. Kf3 Qh1+ 48. Qg2 Qd1+ 49. Re2 Qd3+ 50. Kf2 Qxf5+ 51. Ke1 Qxh5 52.
Rd2 Qe5+ 53. Qe2 Qg3+ 54. Qf2 Qe5+ 55. Qe2 1/2-1/2

[Event "Gibraltar Amateurs A"]
[Site "Gibraltar"]
[Date "2020.01.22"]
[Round "3.12"]
[White "Krause, Helmut"]
[Black "Sedgwick, David"]
[Result "1/2-1/2"]
[WhiteElo "1660"]
[BlackElo "1894"]
[PlyCount "85"]
[EventDate "2020.01.20"]
[EventType "swiss"]
[EventRounds "5"]
[EventCountry "GGB"]
[SourceTitle "BritBase"]
[Source "John Saunders"]
[SourceDate "2021.06.05"]
[SourceVersion "1"]
[SourceVersionDate "2021.06.05"]
[SourceQuality "1"]

1. d4 d5 2. Nf3 c5 3. c4 e6 4. cxd5 exd5 5. e3 Nf6 6. Be2 Nc6 7. O-O Be7 8. Nc3
O-O 9. b3 Bf5 10. dxc5 Bxc5 11. Nd4 Nxd4 12. exd4 Bd6 13. Bg5 Rc8 14. Bd3 Bxd3
15. Qxd3 Bxh2+ 16. Kh1 Bb8 17. g3 h6 18. Bxf6 Qxf6 19. Nxd5 Qc6 20. Qc4 Qxc4
21. bxc4 Rxc4 22. Ne7+ Kh7 23. Rad1 Re8 24. Nf5 g6 25. Ne3 Ra4 26. Rd2 Kg7 27.
Rc1 Bd6 28. Rcc2 Re4 29. Rc4 Rxc4 30. Nxc4 Bc7 31. Kg2 Bb6 32. Nxb6 axb6 33. d5
Re7 34. Rb2 Kf6 35. f4 Rd7 36. Rxb6+ Ke7 37. Kf3 Rxd5 38. Rxb7+ Kf6 39. Rb6+
Kg7 40. Ra6 Rd2 41. Ke3 Rc2 42. a4 Rc3+ 43. Kf2 1/2-1/2

[Event "Gibraltar Amateurs A"]
[Site "Gibraltar"]
[Date "2020.01.22"]
[Round "3.13"]
[White "Poggio, Freddie"]
[Black "Dumont, Andre"]
[Result "1-0"]
[WhiteElo "1680"]
[BlackElo "1872"]
[PlyCount "121"]
[EventDate "2020.01.20"]
[EventType "swiss"]
[EventRounds "5"]
[EventCountry "GGB"]
[SourceTitle "BritBase"]
[Source "John Saunders"]
[SourceDate "2021.06.05"]
[SourceVersion "1"]
[SourceVersionDate "2021.06.05"]
[SourceQuality "1"]

1. d4 Nf6 2. Nf3 e6 3. e3 b6 4. Bd3 Bb7 5. Nbd2 c5 6. c3 Nc6 7. Qe2 cxd4 8.
cxd4 Nb4 9. Bb1 Ba6 10. Qd1 Nd3+ 11. Bxd3 Bxd3 12. Ne5 Ba6 13. Qa4 Qc8 14. a3
Be7 15. b4 b5 16. Qb3 Bb7 17. O-O Bd5 18. Qb1 d6 19. e4 Bb7 20. Nef3 d5 21. e5
Ne4 22. Bb2 O-O 23. Nxe4 dxe4 24. Nd2 Qc6 25. f3 Bg5 26. Nxe4 Be3+ 27. Kh1 Qb6
28. Qd3 Bxe4 29. Qxe4 Bh6 30. Bc1 Bxc1 31. Raxc1 Rfd8 32. Rfd1 Rac8 33. h4 h6
34. Rxc8 Rxc8 35. f4 Qd8 36. g3 Rc3 37. Rd3 Qc7 38. Rxc3 Qxc3 39. Kg2 Qxa3 40.
d5 Qa2+ 41. Kf3 Qb3+ 42. Ke2 exd5 43. Qe3 Qxb4 44. Qxa7 Qc4+ 45. Kd2 d4 46.
Qa8+ Kh7 47. Qe4+ g6 48. e6 Qc3+ 49. Kd1 Qb3+ 50. Kd2 Qxe6 51. Qxd4 h5 52. Qb4
Qd5+ 53. Ke3 Qc4 54. Qxc4 bxc4 55. Kd4 Kg7 56. Kxc4 Kf6 57. Kd4 Kf5 58. Ke3 Kg4
59. Kf2 Kh3 60. f5 gxf5 61. Kf3 1-0

[Event "Gibraltar Amateurs A"]
[Site "Gibraltar"]
[Date "2020.01.22"]
[Round "3.14"]
[White "Hudson, Jeremy"]
[Black "Bryant, Richard B E"]
[Result "1-0"]
[WhiteElo "1570"]
[BlackElo "1849"]
[PlyCount "135"]
[EventDate "2020.01.20"]
[EventType "swiss"]
[EventRounds "5"]
[EventCountry "GGB"]
[SourceTitle "BritBase"]
[Source "John Saunders"]
[SourceDate "2021.06.05"]
[SourceVersion "1"]
[SourceVersionDate "2021.06.05"]
[SourceQuality "1"]

1. e4 e6 2. c4 b6 3. Nc3 Bb7 4. d4 Bb4 5. d5 e5 6. Nf3 Bxc3+ 7. bxc3 d6 8. Bd3
Nd7 9. Be3 Ngf6 10. Nd2 O-O 11. O-O Nc5 12. Bxc5 dxc5 13. f4 Nd7 14. f5 Nf6 15.
g4 h6 16. h4 Nh7 17. Nf3 Qe7 18. Qd2 f6 19. Qh2 Rfe8 20. Kf2 Kf7 21. g5 Nf8 22.
Rg1 Red8 23. gxh6 gxh6 24. Bc2 b5 25. Qg3 Rd7 26. cxb5 c4 27. Qg7+ Ke8 28.
Qxe7+ Kxe7 29. Nd2 a6 30. a4 axb5 31. axb5 Rxa1 32. Rxa1 c6 33. bxc6 Bxc6 34.
Nxc4 Bb5 35. Bd3 Bxc4 36. Bxc4 Rc7 37. Bb5 Rxc3 38. Ra7+ Kd8 39. Rf7 Rb3 40.
Rxf8+ Ke7 41. Re8+ Kd6 42. Re6+ Kc5 43. Be2 Rh3 44. h5 Kd4 45. Bf3 Rh2+ 46. Kg3
Rd2 47. Rxf6 Ke3 48. Rb6 Ra2 49. d6 Ra7 50. Rb5 Rg7+ 51. Kh2 Kxf3 52. Rxe5 Rg2+
53. Kh1 Rg5 54. Re6 Rxh5+ 55. Kg1 Rg5+ 56. Kf1 Rh5 57. Rg6 Rh1+ 58. Rg1 Rh2 59.
f6 Ra2 60. Ke1 Ra1+ 61. Kd2 Ra2+ 62. Kd3 Ra3+ 63. Kd4 Ra4+ 64. Kd5 Ra5+ 65. Ke6
Kxe4 66. Re1+ Kd4 67. d7 Ra6+ 68. Ke7 1-0

[Event "Gibraltar Amateurs A"]
[Site "Gibraltar"]
[Date "2020.01.22"]
[Round "3.15"]
[White "Olaizola, Miguel"]
[Black "D'Haluin, Wim"]
[Result "0-1"]
[WhiteElo "1809"]
[BlackElo "1686"]
[PlyCount "74"]
[EventDate "2020.01.20"]
[EventType "swiss"]
[EventRounds "5"]
[EventCountry "GGB"]
[SourceTitle "BritBase"]
[Source "John Saunders"]
[SourceDate "2021.06.05"]
[SourceVersion "1"]
[SourceVersionDate "2021.06.05"]
[SourceQuality "1"]

1. e4 c5 2. Nc3 Nc6 3. Nf3 g6 4. d4 cxd4 5. Nxd4 Bg7 6. Nxc6 bxc6 7. Bc4 Rb8 8.
O-O Qc7 9. Kh1 e6 10. Qe2 Ne7 11. Bb3 O-O 12. Bg5 Re8 13. f4 Qa5 14. Qg4 d5 15.
Qh4 Qb4 16. a3 Qc5 17. Rf3 h5 18. f5 exf5 19. Qf4 Rb7 20. Na4 Qa5 21. e5 c5 22.
Bf6 c4 23. Bxg7 Kxg7 24. e6 f6 25. Ba2 Qxa4 26. b3 Qc6 27. bxc4 dxc4 28. Bxc4
Bxe6 29. Bd3 Bd5 30. Rg3 Be4 31. Be2 Rh8 32. c4 h4 33. Re3 Bxg2+ 34. Kg1 h3 35.
Re1 Qc5 36. Kf2 Kf7 37. Bd3 Ke8 0-1

[Event "Gibraltar Amateurs A"]
[Site "Gibraltar"]
[Date "2020.01.22"]
[Round "3.16"]
[White "Clare, Steve"]
[Black "Kovacevic, Aleksandar S"]
[Result "0-1"]
[WhiteElo "1632"]
[BlackElo "1804"]
[PlyCount "90"]
[EventDate "2020.01.20"]
[EventType "swiss"]
[EventRounds "5"]
[EventCountry "GGB"]
[SourceTitle "BritBase"]
[Source "John Saunders"]
[SourceDate "2021.06.05"]
[SourceVersion "1"]
[SourceVersionDate "2021.06.05"]
[SourceQuality "1"]

1. e4 e6 2. d4 d5 3. Nc3 Nf6 4. Bg5 Be7 5. e5 Ne4 6. Bxe7 Qxe7 7. Nxe4 dxe4 8.
c3 b6 9. f3 Bb7 10. Qe2 O-O 11. O-O-O exf3 12. Nxf3 c5 13. Qc2 cxd4 14. Rxd4
Bxf3 15. gxf3 Nc6 16. Re4 Qg5+ 17. f4 Qh6 18. Bb5 Ne7 19. Kb1 Rfd8 20. Qg2 a6
21. Ba4 b5 22. Bc2 a5 23. Rg1 g6 24. h4 Ra7 25. h5 Rad7 26. hxg6 hxg6 27. Qg5
Qxg5 28. fxg5 Rd5 29. Rh4 Rxe5 30. Rgh1 Kf8 31. Rh8+ Ng8 32. Rf1 Kg7 33. Rfh1
Rxg5 34. R8h7+ Kf8 35. Rf1 Rd7 36. Be4 Rc7 37. Kc2 b4 38. Rf3 Rg2+ 39. Kd3 Rxb2
40. cxb4 axb4 41. Kd4 Rd2+ 42. Bd3 Rg2 43. Be4 Rg4 44. Rf2 Re7 45. Ke3 Rxe4+
0-1

[Event "Gibraltar Amateurs A"]
[Site "Gibraltar"]
[Date "2020.01.22"]
[Round "3.20"]
[White "Sagar, Siya"]
[Black "Kearsley, Raymond J"]
[Result "1-0"]
[WhiteElo "1740"]
[BlackElo "1611"]
[PlyCount "73"]
[EventDate "2020.01.20"]
[EventType "swiss"]
[EventRounds "5"]
[EventCountry "GGB"]
[SourceTitle "BritBase"]
[Source "John Saunders"]
[SourceDate "2021.06.05"]
[SourceVersion "1"]
[SourceVersionDate "2021.06.05"]
[SourceQuality "1"]

1. e4 d5 2. exd5 Nf6 3. d4 Bg4 4. f3 Bf5 5. g4 Bg6 6. h4 h6 7. Nc3 Nbd7 8. Be3
a6 9. Qd2 Nb6 10. O-O-O Nfxd5 11. Nxd5 Nxd5 12. Bf2 e6 13. Bd3 Bxd3 14. Qxd3
Bd6 15. Ne2 c6 16. Kb1 Qa5 17. a3 b5 18. g5 b4 19. gxh6 gxh6 20. Be1 Rb8 21.
axb4 Nxb4 22. Bxb4 Bxb4 23. Qc4 Ke7 24. Rhg1 Bd6 25. Rd3 Rhc8 26. Rb3 Rxb3 27.
Qxb3 Rb8 28. Qc3 Qb5 29. Nc1 Qa4 30. Nb3 Qb5 31. Na5 Rc8 32. Nc4 Bb4 33. Qd3
Rd8 34. Rg7 Qh5 35. Ne5 Bd6 36. Rxf7+ Ke8 37. Qh7 1-0

[Event "Gibraltar Amateurs A"]
[Site "Gibraltar"]
[Date "2020.01.22"]
[Round "3.21"]
[White "Ocana, Jeremy"]
[Black "Savage, Neil"]
[Result "0-1"]
[WhiteElo "1708"]
[BlackElo "1608"]
[PlyCount "96"]
[EventDate "2020.01.20"]
[EventType "swiss"]
[EventRounds "5"]
[EventCountry "GGB"]
[SourceTitle "BritBase"]
[Source "John Saunders"]
[SourceDate "2021.06.05"]
[SourceVersion "1"]
[SourceVersionDate "2021.06.05"]
[SourceQuality "1"]

1. d4 Nf6 2. Bf4 e6 3. e3 c5 4. c3 cxd4 5. exd4 b6 6. Nf3 Be7 7. Bd3 Ba6 8. O-O
O-O 9. Re1 Bxd3 10. Qxd3 Nc6 11. Nbd2 Rc8 12. h3 h6 13. Rac1 d5 14. Ne5 Nxe5
15. Bxe5 Nh7 16. Qg3 Bf6 17. f4 Re8 18. Rf1 Nf8 19. h4 Ng6 20. h5 Nh4 21. Nf3
Nf5 22. Qh3 Ne3 23. Rfe1 Nc4 24. b3 Nd6 25. g4 Ne4 26. Rxe4 dxe4 27. Nd2 Bxe5
28. fxe5 Qg5 29. Rc2 Qf4 30. Nc4 Red8 31. Kg2 b5 32. Ne3 b4 33. Rf2 Qg5 34. Nc4
bxc3 35. Rc2 Rxd4 36. Rxc3 Rd2+ 37. Kg1 Rd1+ 38. Kg2 Rcd8 39. Re3 R8d3 40. Kf2
Qf4+ 41. Ke2 Rc1 42. Rxd3 exd3+ 43. Kxd3 Rd1+ 44. Kc3 Qd4+ 45. Kb4 Rd3 46. Qg2
Qc3+ 47. Ka4 Rd5 48. Qb2 Ra5+ 0-1

[Event "Gibraltar Amateurs A"]
[Site "Gibraltar"]
[Date "2020.01.22"]
[Round "3.22"]
[White "Greco, Joseph"]
[Black "Camara Bordon, Luis Marcos"]
[Result "1-0"]
[WhiteElo "1691"]
[BlackElo "1349"]
[PlyCount "117"]
[EventDate "2020.01.20"]
[EventType "swiss"]
[EventRounds "5"]
[EventCountry "GGB"]
[SourceTitle "BritBase"]
[Source "John Saunders"]
[SourceDate "2021.06.05"]
[SourceVersion "1"]
[SourceVersionDate "2021.06.05"]
[SourceQuality "1"]

1. e4 d6 2. b3 Nf6 3. Qe2 Nc6 4. Bb2 e5 5. Nf3 Bg4 6. h3 Bxf3 7. Qxf3 Nd4 8.
Bxd4 exd4 9. Bc4 c6 10. c3 Qe7 11. O-O d3 12. Bxd3 Nd7 13. Bc2 g6 14. d4 Bg7
15. Nd2 O-O 16. Rac1 Bh6 17. Qd3 Rad8 18. f4 Qh4 19. f5 Qg5 20. Nc4 Nf6 21.
Rce1 Nh5 22. Qf3 Ng3 23. Rf2 gxf5 24. exf5 Rfe8 25. Rxe8+ Rxe8 26. Kh2 Re1 27.
Qxg3 Rh1+ 28. Kxh1 Qxg3 29. Rf3 Qe1+ 30. Kh2 d5 31. Ne5 f6 32. Ng4 Bf8 33.
Nxf6+ Kf7 34. Ng4 Bd6+ 35. Ne5+ Kf6 36. b4 Qc1 37. Bb3 h5 38. h4 Qe1 39. Kh3
Qe4 40. g3 Bxe5 41. dxe5+ Qxe5 42. Kg2 Qe2+ 43. Rf2 Qe4+ 44. Kh2 Qe3 45. Kg2
Qxc3 46. Bd1 Qxb4 47. Bxh5 Qe4+ 48. Bf3 Qxf5 49. Bg4 Qxf2+ 50. Kxf2 c5 51. Bc8
b6 52. Ba6 d4 53. Kf3 Ke6 54. h5 Kd5 55. h6 c4 56. h7 d3 57. Ke3 Kc5 58. h8=Q
Kb4 59. Qb2+ 1-0

[Event "Gibraltar Amateurs A"]
[Site "Gibraltar"]
[Date "2020.01.22"]
[Round "3.23"]
[White "Krause, Marianne"]
[Black "Reyes, Craig"]
[Result "1-0"]
[WhiteElo "1609"]
[BlackElo "1240"]
[PlyCount "71"]
[EventDate "2020.01.20"]
[EventType "swiss"]
[EventRounds "5"]
[EventCountry "GGB"]
[SourceTitle "BritBase"]
[Source "John Saunders"]
[SourceDate "2021.06.05"]
[SourceVersion "1"]
[SourceVersionDate "2021.06.05"]
[SourceQuality "1"]

1. d4 f5 2. Nc3 Nf6 3. Bg5 e6 4. e4 Be7 5. e5 Ng4 6. Bxe7 Qxe7 7. Be2 O-O 8.
Bxg4 fxg4 9. Qxg4 a6 10. Nge2 d5 11. O-O Bd7 12. a3 c5 13. Rad1 cxd4 14. Nxd4
b5 15. b4 Nc6 16. Nce2 Nxe5 17. Qh3 Ng6 18. Nb3 e5 19. Qd3 d4 20. Nc5 Bf5 21.
Qb3+ Kh8 22. Rfe1 Qh4 23. Ng3 Bg4 24. Rd2 Nf4 25. f3 Bxf3 26. gxf3 Nh3+ 27. Kh1
Qf4 28. Rde2 Qxf3+ 29. Qxf3 Rxf3 30. Kg2 Ng5 31. Rxe5 h6 32. Rxg5 Rxa3 33. Rd5
Ra2 34. Re2 a5 35. bxa5 R2xa5 36. Nb3 1-0

[Event "Gibraltar Amateurs A"]
[Site "Gibraltar"]
[Date "2020.01.22"]
[Round "3.25"]
[White "Dhanwani, Aditya"]
[Black "Oliva Parra, Ernesto"]
[Result "1-0"]
[WhiteElo "1565"]
[BlackElo "1487"]
[PlyCount "49"]
[EventDate "2020.01.20"]
[EventType "swiss"]
[EventRounds "5"]
[EventCountry "GGB"]
[SourceTitle "BritBase"]
[Source "John Saunders"]
[SourceDate "2021.06.05"]
[SourceVersion "1"]
[SourceVersionDate "2021.06.05"]
[SourceQuality "1"]

1. d4 d5 2. Nf3 Nf6 3. Bf4 Bf5 4. e3 a6 5. Bd3 Ne4 6. O-O h6 7. c4 e6 8. Qb3 b6
9. Qa4+ Nd7 10. Qc6 Bd6 11. cxd5 Bxf4 12. dxe6 O-O 13. Bxe4 Bxh2+ 14. Nxh2 Bxe6
15. d5 Ne5 16. Qc3 Bxd5 17. Qxe5 c6 18. Bxd5 cxd5 19. Rd1 Rc8 20. Nc3 Re8 21.
Qxd5 Qh4 22. Qf3 Re6 23. Rd4 Qg5 24. Rad1 Ree8 25. Ne4 1-0

[Event "Gibraltar Amateurs A"]
[Site "Gibraltar"]
[Date "2020.01.22"]
[Round "3.26"]
[White "Naldrett, Geoffrey"]
[Black "Zhou, Jing"]
[Result "0-1"]
[WhiteElo "1526"]
[BlackElo "1457"]
[PlyCount "114"]
[EventDate "2020.01.20"]
[EventType "swiss"]
[EventRounds "5"]
[EventCountry "GGB"]
[SourceTitle "BritBase"]
[Source "John Saunders"]
[SourceDate "2021.06.05"]
[SourceVersion "1"]
[SourceVersionDate "2021.06.05"]
[SourceQuality "1"]

1. c4 Nf6 2. Nc3 e6 3. g3 d5 4. d4 b6 5. Bg2 Bb7 6. Nf3 Be7 7. O-O O-O 8. cxd5
exd5 9. Bg5 h6 10. Bxf6 Bxf6 11. Rc1 a6 12. e3 Nd7 13. Nd2 c6 14. Nb3 Re8 15.
Qd2 Be7 16. Rc2 Nf6 17. Rfc1 Bd6 18. a3 Qd7 19. Na2 Ne4 20. Qe1 a5 21. Nc3 Nf6
22. Na4 Bc7 23. Nc3 Rac8 24. Nd2 Qd6 25. Na2 Qd7 26. b4 Qd6 27. Rb2 axb4 28.
axb4 b5 29. Nb3 Ra8 30. Nc5 Bc8 31. Nc3 Nd7 32. Ne2 Nb6 33. Ra1 Bf5 34. Rba2
Rxa2 35. Rxa2 Nc4 36. Nc3 Bb6 37. Qc1 Bxc5 38. dxc5 Qd7 39. Qd1 Bg4 40. Bf3 Bf5
41. Qd4 Qe7 42. Re2 Ne5 43. Bg2 Bd3 44. Rd2 Bh7 45. Re2 Ra8 46. Re1 Nd3 47. Rd1
Ne5 48. e4 dxe4 49. Nxe4 Bg6 50. Qd6 Qe8 51. Nc3 Rc8 52. Kf1 Ng4 53. h3 Nf6 54.
Bxc6 Rxc6 55. Qd2 Ne4 56. Qe2 Re6 57. Nxb5 Nxg3+ 0-1

[Event "Gibraltar Amateurs A"]
[Site "Gibraltar"]
[Date "2020.01.22"]
[Round "3.27"]
[White "Busch, Guenther"]
[Black "Bynnersley, AG (Tony)"]
[Result "1/2-1/2"]
[WhiteElo "1520"]
[BlackElo "1443"]
[PlyCount "31"]
[EventDate "2020.01.20"]
[EventType "swiss"]
[EventRounds "5"]
[EventCountry "GGB"]
[SourceTitle "BritBase"]
[Source "John Saunders"]
[SourceDate "2021.06.05"]
[SourceVersion "1"]
[SourceVersionDate "2021.06.05"]
[SourceQuality "1"]

1. Nf3 Nf6 2. c4 c5 3. Nc3 e6 4. g3 Be7 5. Bg2 O-O 6. O-O Nc6 7. e4 d6 8. a3 a6
9. Rb1 Qc7 10. d3 Bd7 11. Bf4 Ne5 12. Ne1 Ng6 13. Bd2 Bc6 14. Bg5 h6 15. Bxf6
Bxf6 16. Nc2 1/2-1/2

[Event "Gibraltar Amateurs A"]
[Site "Gibraltar"]
[Date "2020.01.22"]
[Round "3.28"]
[White "Henderson, Se"]
[Black "Apps, Ian"]
[Result "1-0"]
[WhiteElo "1517"]
[BlackElo "1308"]
[PlyCount "57"]
[EventDate "2020.01.20"]
[EventType "swiss"]
[EventRounds "5"]
[EventCountry "GGB"]
[SourceTitle "BritBase"]
[Source "John Saunders"]
[SourceDate "2021.06.05"]
[SourceVersion "1"]
[SourceVersionDate "2021.06.05"]
[SourceQuality "1"]

1. e4 d5 2. exd5 Qxd5 3. Nf3 Nf6 4. d4 Bf5 5. Nc3 Qa5 6. Be2 c6 7. O-O e6 8. a3
Bd6 9. Bg5 Nbd7 10. Bh4 O-O 11. Bg3 Qc7 12. Nh4 Ne4 13. Nxf5 Nxg3 14. Nxg3 Nf6
15. Bf3 Rae8 16. Nce4 Nxe4 17. Bxe4 Qd8 18. c3 f5 19. Bc2 Qh4 20. Re1 f4 21.
Nf1 f3 22. Ng3 Rf6 23. Re4 Bf4 24. gxf3 Rh6 25. Rxf4 Qxh2+ 26. Kf1 e5 27. Re4
Rf6 28. dxe5 Rfe6 29. Bb3 1-0